000
00297nam a22001217a 4500
008
170623b xxu||||| |||| 00| 0 eng d
041
_a
eng
080
_a
94
100
_a
18
101
_a
SHH
245
_a
WESTERN SOCIETIES PRIMARY SOURCES IN SOCIAL HISTORY
_c
GOLDEN.R.M
942
_2
udc
_c
BK
999
_c
19022
_d
19022